01186nam a22003134a 4500001001100000003000800011006001900019007001500038008004100053010001700094020002200111040002100133035002000154050002800174082002000202100002300222245011500245260004300360300002700403500002000430533015200450630003100602650002900633655002900662700002000691700001900711710001700730856012500747ebr5004365CaPaEBRm u cr cn|||||||||010615s2002 azua s 001 0 eng  z 2001042170 z1576109976 (pbk.) aCaPaEBRcCaPaEBR a(OCoLC)7074930314aQA76.9.C55bS345 2002eb04a005.7/137692211 aSchein, Phillip G.10aExchange 2000 .NET server black bookh[electronic resource] /cPhillip G. Schein, Evan Benjamin, Cherry Beado. aScottsdale, Ariz. :bCoriolis,cc2002. axxxiii, 842 p. :bill. aIncludes index. aElectronic reproduction.bPalo Alto, Calif. :cebrary,d2013.nAvailable via World Wide Web.nAccess may be limited to ebrary affiliated libraries.00aMicrosoft Exchange server. 0aClient/server computing. 7aElectronic books.2local1 aBenjamin, Evan.1 aBeado, Cherry.2 aebrary, Inc.40uhttp://site.ebrary.com/lib/rucke/Doc?id=5004365zAn electronic book accessible through the World Wide Web; click to view